00688nam a2200241 a 4500001001300000003000900013005001700022008004100039020002300080082001600103100001600119245001600135260003400151300000900185500003500194505003400229650001800263700001600281902000800297942000700305952011700312999001700429nice12345678IN_TiNIC20260116013251.0050524s1997 newa grp 000 0 eng  a8170951 c42500a954.04bNAN aNanda, Ravi aFinal Irony aNew DelhibLancers Bookc1997 a420p aincludes index and biblioraphy2 aGlossary, Bibliography, Index aIndia-History1 aNanda, Ravi bSRS cBK 001040708StackRoom-aHMIbHMId2007-04-05g425.00l0o954.04 NANp018140r2007-04-05v425.00w2005-05-24yBK c10327d10327